000 00639nam a2200229 a 4500
005 20210219152843.0
008 991125n 000 0 eng u
035 _aUPN01000063230
100 1 _aFurman, Wyndol
222 _aCHILD DEVELOPMENT
245 _aAge and sex differences in perceptions of networks of personal relationships
300 _a103-115
362 0 _a1992 Vol. 63, no. 1
653 0 _aDIFERENCIAS DE EDAD
653 0 _aDIFERENCIAS SEXUALES
653 0 _aPERCEPCION
653 0 _aRELACIONES INTERPERSONALES
700 1 _aBuhrmester, Duane,
700 1 _ecoaut.
904 _aAC
_b001041
905 _aArticulo
999 _c62039
_d62039